000 00690nam a2200193Ii 4500
003 JO-AjNU
008 230605s9999||||xx |||||||||||||| ||und||
040 _aJO-AjNU
_bara
_erda
_cJO-AjNU
041 _aara
050 1 4 _aD157.A8378 1972
100 3 _aتاليف عاشور، سعيد عبد الفتاح,
_eauthor
_919362
245 0 0 _aتاريخ العلاقات بين الشرق والغرب في العصور الوسطى
264 3 1 _aبيروت: دار النهضة العربية، 1972
300 _a368ص
336 _atext
_btxt
_2rdacontent
337 _aunmediated
_bn
_2rdamedia
338 _avolume
_bnc
_2rdacarrier
650 4 _aتاريخ العصور الوسطى
_919363
999 _aA6373
_c9941
_d9941